WWII expert quiz - Statistics

General Stats
  • This quiz has been taken 415 times
  • The average score is 10 of 16
Answer Stats
Event Year % Correct
German attack on Poland (The beginning of the war) September 1939
96%
The capitulation of Germany (The end of the war in Europe) May 1945
89%
Invasion of Normandy June 1944
86%
Attack on Pearl Harbour December 1941
85%
Atomic bombings of Hiroshima and Nagasaki August 1945
82%
The end of World War II September 1945
72%
The evacuation of Dunkirk May 1940
67%
German attack on France May 1940
67%
German attack on the Soviet Union June 1941
66%
German attack on Norway and Denmark April 1940
58%
The start of the battle of Britain July 1940
52%
German offensive in the Ardenne forrest December 1944
49%
The start of the battle of Midway June 1942
47%
The Winter war (Soviet Union attacks Finland) November 1939
42%
The start of the battle of Stalingrad September 1942
39%
Landing on Iwo Jima February 1945
38%
No matching quizzes found
Score Distribution
Percent of People with Each Score
Percentile by Number Answered
Your Score History
You have not taken this quiz